| 000 | 00383nam a22001457a 4500 | ||
|---|---|---|---|
| 005 | 20200607114935.0 | ||
| 008 | 200607b xxu||||| |||| 00| 0 eng d | ||
| 082 | _a345.4 | ||
| 110 |
_aALL INDIA REPORTER _95824 |
||
| 245 | _aALL INDIA REPORTER , 1967 (V-54) DELHI SECTION | ||
| 260 |
_aMUMBAI _bALL INDIA REPORTER PVT, LTD |
||
| 300 | _a288;p | ||
| 650 |
_aLAW _95701 |
||
| 942 | _cJRL | ||
| 999 |
_c6892 _d6890 |
||